|
|
|
|
| LEADER |
01304nam a2200301 a 4500 |
| 001 |
422 |
| 003 |
BD-DhAAL |
| 005 |
20151013111527.0 |
| 008 |
151013s1988 paua b 100 0 eng |
| 010 |
|
|
|a 89123933
|
| 020 |
|
|
|a 877625638
|
| 020 |
|
|
|a 0877625638
|
| 040 |
|
|
|a DLC
|c DLC
|d DLC
|d BD-DhAAL
|
| 050 |
0 |
0 |
|a TP1175.S6
|b I57 1986
|
| 082 |
0 |
0 |
|a 667/.9
|2 20
|
| 111 |
2 |
|
|a International Conference in Organic Coatings Science and Technology
|n (12th :
|d 1986 :
|c Athens, Greece)
|9 15421
|
| 245 |
1 |
0 |
|a Twelfth International Conference in Organic Coatings Science and Technology :
|b proceedings : presented in Athens, Greece, July 7-11, 1986 /
|c edited by Angelos V. Patsis.
|
| 260 |
|
|
|a Lancaster :
|b Technomic Pub. Co.,
|c c1988.
|
| 300 |
|
|
|a vi, 214 p. :
|b ill. ;
|c 29 cm.
|
| 490 |
|
|
|a Advances in organic coatings science and technology series ;
|v v. 10
|
| 504 |
|
|
|a Includes bibliographies.
|
| 541 |
|
|
|e 422
|
| 650 |
|
0 |
|a Plastic coatings
|x Congresses.
|9 15385
|
| 700 |
1 |
|
|a Patsis, Angelos V.
|9 15386
|
| 740 |
0 |
|
|a 12th International Conference in Organic Coatings Science and Technology.
|
| 942 |
|
|
|2 ddc
|c BK
|
| 999 |
|
|
|c 35788
|d 35788
|
| 952 |
|
|
|0 0
|1 0
|2 ddc
|4 0
|6 667_000000000000000__9_TWE
|7 0
|9 56292
|a SCL
|b SCL
|c GEN
|d 2015-10-13
|e Gift: The Asia Foundation
|l 0
|o 667.9 TWE
|p 3020000422
|r 2015-10-13
|t 1
|w 2015-10-13
|y BK
|